000 00865nam a2200253 i 4500
001 15389937
003 EG-ScBUE
005 20260316112446.0
008 080731s2009 nyua f 000 0 eng d
020 _a9783540788362 (hardcover : alk. paper)
040 _aDLC
_beng
_erda
_cDLC
_dEG-ScBUE
082 _222
_a550.723
_bASS
100 1 _aAssaad, Fakhry A.
245 1 0 _aField methods for petroleum geologists :
_ba guide to computerized lithostratigraphic correlation charts case study: northern Africa /
_cFakhry A. Assaad.
264 1 _aNew York :
_bSpringer,
_c2009.
300 _a112 pages :
_billustrations ;
_c26 cm
336 _2rdacontent
_atext
_btxt
337 _aunmediated
_2rdamedia
_bn
338 _avolume
_bnc
_2rdacarrier
650 7 _92252
_aGeology
_xFieldwork
_2BUEsh
655 _vReading book
942 _2ddc
_cBB
999 _c11059
_d11059